000 00629nam a2200265Ia 4500
005 20260121161429.0
008 008 260114s9999 xx 000 0 eng d
020 _a9781351311366
037 _aEBOOK
040 _aCRL
040 _beng
040 _cCRL
041 _2eng
041 _aeng
084 _qCRL
100 _aEthics in Planning
_91044671
245 0 _aMartin Wachs
260 _bTaylor and Francis
260 _c1985
650 _aIntroductory Politics
_91044672
856 _uhttp://www.taylorfrancis.com/books/9781351311366
942 _cEBOOK
999 _c1610743
_d1610743